Представление документа в формате RUSMARC

ПолеНазваниеЗначение
  Тип записи a
  Библиографический уровень m
001 Контрольный номер RU/IS/BASE/502375851
005 Дата корректировки 20201206204959.6
010 Индекс ISBN __
a ISBN 978-5-9901520-7-7 (в пер.)
d Цена 650-00; 1500-00
100 Данные общей обработки __
a Данные общей обработки 19151202d2015||||||| 0rusy0189 ca
101 Язык документа 0_
a Язык текста rus
102 Страна публикации __
a Страна публикации ru|
102 Страна публикации __
a Страна публикации RU
105 Кодированные данные (монография) __
a Кодированные данные (монография) ao||||||000zy
200 Заглавие и сведения об ответственности 1_
a Заглавие Сибирь - сон бога
e Сведения, относящиеся к заглавию книга пространства
f Первые сведения об ответственности Анатолий Омельчук ; Телерадиокомпания Регион-Тюмень ; [фотографы] : Э. Улыбин, С. Лыкасов, Максим Марченко
b Общее обозначение материала Текст
210 Выходные данные __
a Место издания Тюмень
c Издательство Инфо-плюс
d Дата издания 2015
215 Физическое описание __
a Объем 398, [9] с.
c Иллюстрации/тип воспроизводства цв. фот.
d Формат 29 см
300 Общие примечания __
a Общие примечания Книга издана при поддержке некоммерческой организации "Фонд содействия северным и арктическим территориям "Север наш"
330 Аннотация __
a Аннотация "Родина всегда права" - с этих слов начинается новая книга Анатолия Омельчука. Книга о Сибири и ее людях. Материалы к книге собирались с 1969 года в командировках и поездках по краю. Сегодня все накопленное обрело вид большого проекта с названием "Сибирь - сон Бога". Печатное издание дополнено снимками лучших сибирских фотографов.
606 Тематические рубрики __
a Основная рубрика География
606 Тематические рубрики __
a Основная рубрика Страноведение
y Географическая подрубрика Аляска
y Географическая подрубрика Россия
y Географическая подрубрика Сибирь
610 Ключевые слова __
a Ключевые слова история Сибири
610 Ключевые слова __
a Ключевые слова путевые очерки
610 Ключевые слова __
a Ключевые слова интервью
610 Ключевые слова __
a Ключевые слова сибиряки
610 Ключевые слова __
a Ключевые слова путевая проза
610 Ключевые слова __
a Ключевые слова тема Сибири
686 Индексы других классификаций __
2 Код системы rubbks
a Классификационный индекс 26.89(253)
700 Автор _1
a Фамилия Омельчук
b Имя А. К.
f Даты 1946-
g Полное личное имя Анатолий Константинович
4 Код отношения 070
702 Вторичная интеллектуальная ответственность _1
a Фамилия Улыбин
b Имя Э.
4 Код отношения Фотограф
g Полное личное имя Эдуард
4 Код отношения 600
702 Вторичная интеллектуальная ответственность _1
a Фамилия Лыкасов
b Имя С.
4 Код отношения Фотограф
g Полное личное имя Сергей
4 Код отношения 600
702 Вторичная интеллектуальная ответственность _1
a Фамилия Марченко
b Имя М.
4 Код отношения Фотограф
g Полное личное имя Максим
4 Код отношения 600
711 Наименование организации. (Альтернативная ответственность) __
a Организация/ юрисдикция Регион-Тюмень, телерадиокомпания
711 Наименование организации. (Альтернативная ответственность) __
a Организация/ юрисдикция Север наш, фонд содействия северным и арктическим территориям
801 Источник записи _0
a Страна ru
b Организация Муниципальное бюджетное учреждение культуры "Централизованная библиотечная система" г. Сургут (Центральная городская библиотека им. А. С. Пушкина)
c Дата составления 20151202
g Правила каталогизации PSBO
801 Источник записи _1
a Страна ru
b Организация Муниципальное бюджетное учреждение культуры "Централизованная библиотечная система" г. Сургут (Центральная городская библиотека им. А. С. Пушкина)
c Дата составления 20151202
g Правила каталогизации PSBO
852 Данные о местонахождении __
j Шифр хранения 26.89(253)
i Авторский знак О-57
901 Тип документа __
t Тип документа m
a Ответственный КиК/Котельникова
903 Характеристики (МАРС) __
a Дата передачи 20190327; 20151202
990 Данные о заказе (DOS) __
j Количество экземпляров (DOS) 1; 1
t N записи в КСУ для И/У (DOS) 201903; 201511